000 00821cam a2200265 a 4500
001 2789
005 20240115124514.0
020 _a0060275103
020 _a0060275111 (lib. bdg.)
020 _a9780590920681
040 _aDLC
_cDLC
_dDLC
_dFISKH
_beng
050 0 0 _aPZ7.L578345
_bEl 1997
082 0 0 _a813.54
_220
100 1 _aLevine, Gail Carson.
245 1 0 _aElla enchanted /
_cGail Carson Levine.
260 _aNew York :
_bScholastic,
_c1997
300 _a232, 31 pages :
_c22 cm
505 _aM
520 _aIn this novel based on the story of Cinderella, Ella struggles against the childhood curse that forces her to obey any order given to her.
521 _a670
_bLexile
521 _aM
_bRaz-Plus
650 1 _aFantasy.
906 _a7
_bcbc
_corignew
_d1
_eocip
_f19
_gy-gencatlg
942 _2ddc
_cBK
_n0
999 _c2789
_d2789